Konečne sa rieši právny režim pozemkového vlastníctva. 1
Pozemok ako objekt vlastníckeho práva a subjekt pozemkového vlastníctva. Zákon č. 180/1995 Z.z. o niektorých opatreniach na usporiadanie vlastníctva k pozemkom sleduje záujem fixovať v plnom rozsahu vlastnícke právo ako jedno zo základných občianskych a ľudských práv a slobôd. Pozemok ako objekt vla...
Saved in:
| Main Author: | |
|---|---|
| Format: | Book Chapter |
| Language: | Slovak |
| Subjects: | |
| Tags: |
No Tags, Be the first to tag this record!
|
MARC
| LEADER | 00000naa a2200000 4500 | ||
|---|---|---|---|
| 001 | r018191 | ||
| 005 | 20221213095744.5 | ||
| 041 | 0 | |a slo | |
| 044 | |a SK | ||
| 245 | 1 | 0 | |a Konečne sa rieši právny režim pozemkového vlastníctva. 1 |c Milan Štefanovič |
| 520 | |a Pozemok ako objekt vlastníckeho práva a subjekt pozemkového vlastníctva. Zákon č. 180/1995 Z.z. o niektorých opatreniach na usporiadanie vlastníctva k pozemkom sleduje záujem fixovať v plnom rozsahu vlastnícke právo ako jedno zo základných občianskych a ľudských práv a slobôd. Pozemok ako objekt vlastníckeho práva. Pozemok z hľadiska vlastníka. | ||
| 610 | 2 | 0 | |a Slovensko |
| 610 | 2 | 0 | |a 1995 |
| 610 | 2 | 0 | |a vlastníctvo pozemkové |
| 610 | 2 | 0 | |a pozemky |
| 610 | 2 | 0 | |a zákony |
| 100 | 1 | |a Štefanovič, Milan | |